00288nam a2200133Ia 4500003000900000008004100009040001300050040001300063041000800076100001900084245003700103300000800140490000600148IT-RoPAU120407s9999 xx 000 0 und d aIT-RoPAU cIT-RoPAU aita aFranz Moschner aPensieri sulle litanie lauretane c cm v1